|
|
|
|
| LEADER |
00000cas a2200000 a 4500 |
| 001 |
118626 |
| 003 |
Ucuenca |
| 005 |
20230308202722.0 |
| 008 |
007051|2007 ec |||||r|||||||||||spa|| |
| 022 |
|
|
|a 1390-1249
|
| 040 |
|
|
|b spa
|
| 041 |
0 |
|
|a spa
|
| 082 |
0 |
|
|a 300.5
|b F132i
|
| 110 |
1 |
|
|a Facultad Latinoamericana de Ciencias Sociales
|g FLACSO
|9 197494
|
| 245 |
|
|
|a Iconos. Revista de Ciencias Sociales
|c Facultad Latinoamericana de Ciencias Sociales
|h imp
|
| 264 |
|
|
|a Quito
|b FLACSO
|c Enero 2007
|
| 300 |
|
|
|a 178 páginas:
|b ilu
|c 28 cm
|
| 362 |
|
|
|a no. 27 (enero 2007)
|
| 504 |
|
|
|a incl. ref.
|
| 520 |
3 |
|
|a "Al revizar la participación de los activistas que fundaron la FEI se revela que, lejos de la imagen tradicional de dominación blanco.mestiza y exclusión de activistas indígenas , la Federación fue un espacio compartido donde los activistas urbanos y rurales trabajaron juntos en la lucha para los derechos indígenas. Usualmente, académicos -mayormente extranjeros- han interpretado mal a estas organizaciones, y han asignado a los comunistas que trabajan con la FEI características más apropiadas a los indigenistas liberales que fundaron el IIE"
|
| 650 |
|
|
|a Indigenismo
|9 1448
|
| 650 |
|
|
|a Izquierda ecuatoriana
|9 175850
|
| 650 |
|
|
|a Comunismo ecuatoriano
|9 197318
|
| 650 |
|
|
|9 180114
|a Revista iconos
|
| 852 |
|
|
|a UC-CDJBV
|
| 942 |
|
|
|c SER
|
| 999 |
|
|
|c 103475
|d 103475
|